Pustinami k díkuvzdání : cyklus próz a básní /

Soubor meditativně laděných veršů a duchovně zaměřených textů, které básník, prozaik a výtvarník Pavel Rejchrt většinou napsal v průběhu roku 2018.

Hlavní autor: Rejchrt, Pavel, 1942-
Jazyk: Čeština
Vydáno: Jindřichův Hradec : Stefanos, 2019
Vydání: Vydání první
Témata:
Fyzický popis: 263 stran : ilustrace ; 23 cm
Knihy
Uloženo v:
LEADER 02725nam a2200505 i 4500
001 nkc20193131186
003 CZ PrNK
005 20191010121312.0
007 ta
008 190902s2019 xr a g 000 m cze
015 |a cnb003131186 
020 |a 978-80-87081-83-9  |q (vázáno) 
035 |a (OCoLC)1127281044 
040 |a ABG001  |b cze  |d BOA001  |e rda 
072 7 |a 821.162.3  |x Česká literatura  |2 Konspekt  |9 25 
080 |a 821.162.3-1  |2 MRF 
080 |a 821.162.3-3  |2 MRF 
080 |a (0:82-1)  |2 MRF 
080 |a (0:82-3)  |2 MRF 
080 |a (0:82-4)  |2 MRF 
080 |a (082.21)  |2 MRF 
100 1 |a Rejchrt, Pavel,  |d 1942-  |7 jn19990218092  |4 aut  |4 ill 
245 1 0 |a Pustinami k díkuvzdání :  |b cyklus próz a básní /  |c Pavel Rejchrt 
250 |a Vydání první 
264 1 |a Jindřichův Hradec :  |b Stefanos,  |c 2019 
300 |a 263 stran :  |b ilustrace ;  |c 23 cm 
336 |a text  |b txt  |2 rdacontent 
337 |a bez média  |b n  |2 rdamedia 
338 |a svazek  |b nc  |2 rdacarrier 
500 |a 300 výtisků 
520 2 |a Soubor meditativně laděných veršů a duchovně zaměřených textů, které básník, prozaik a výtvarník Pavel Rejchrt většinou napsal v průběhu roku 2018.  |b Pavel Rejchrt dokazuje i touto svou tvorbou, že jeho cesta mnohdy sice vedla duchovními "pustinami", přesto se však uměla z tohoto vlivu vždy vymanit a povznést, aby nakonec dorazila do mety kýženého díkuvzdání. Pečlivá textová kompozice charakterizuje zároveň i autorovy životní postoje a názory, které se pevně hlásí k principům dodržování morálních a estetických zásad. V esejisticky laděných prózách i verších zároveň autor uvažuje a přemítá o situaci a dění ve společnosti: zamýšlí se nad smyslem konání a činů v politické oblasti, která ovšem může mnohdy negativně působit na spirituální a etický vývoj člověka. V Rejchrtových literárních kombinacích se objevují vzpomínkové či nostalgické prvky, zárodky divadelního dramatu i náznaky hymnické poezie. I to je dokladem autorovy všestrannosti, která zobrazuje lidské nitro jak ve chvílích úpadku, tak i ve vrcholném vzepětí. 
655 7 |a česká poezie  |7 fd133958  |2 czenas 
655 7 |a české prózy  |7 fd133972  |2 czenas 
655 7 |a eseje  |7 fd132213  |2 czenas 
655 7 |a výbory  |7 fd133853  |2 czenas 
655 9 |a Czech poetry  |2 eczenas 
655 9 |a Czech prose  |2 eczenas 
655 9 |a essays  |2 eczenas 
655 9 |a selected works  |2 eczenas 
910 2 |a BOA001  |b 2-1434.176 
920 |a 4494995  |z ABG001 
990 |a BK 
995 |a 01 
991 |b 201909  |c NOV 
996 6 |b 2610793778  |c 2-1434.176  |l MZK  |r Sklad / do 1 hodiny  |n 1  |p p.v.  |w 001753627  |u 000010  |a 1  |e BOA001  |j MZK50  |s P